00265nam a2200121Ia 45000030006000000080041000060400015000471000020000622450012000822600020000945460012001140050017001260STCL150530s9999 xx 000 0 und d aSTCLcSTCL aCourthope, W.J. aAddison bMacmillanc1919 aEnglish20220125171150.0